Countries with the Lowest Alphabet Score - Statistics

General Stats
  • This quiz has been taken 55 times
  • The average score is 8 of 21
Answer Stats
Alphabet Score Country % Correct
4,0 Canada
80%
4,0 Chad
65%
7,0 China
63%
5,7 Albania
60%
7,4 Chile
55%
7,6 Algeria
50%
6,8 Cuba
50%
6,4 Bahamas
48%
7,4 India
45%
7,7 Panama
43%
7,6 Bahrain
40%
6,2 Ghana
35%
6,9 Iceland
33%
7,3 Bangladesh
30%
5,4 Jamaica
28%
6,0 Cambodia
25%
6,8 Madagascar
25%
7,2 Greece
23%
5,5 Gambia
18%
7,1 Grenada
18%
7,0 Namibia
15%
No matching quizzes found
Score Distribution
Percent of People with Each Score
Percentile by Number Answered
Your Score History
You have not taken this quiz